000 00475nam a2200169Ia 4500
008 090711s9999 xx 000 0 und d
082 _b1701
100 _aगस्ती भीमराव
245 _aबेरड
260 _bराजहंस प्रकाशन
_c1999
300 _a310
600 _aगस्ती भीमराव
630 _aबेरड
700 _aगस्ती भीमराव
730 _aबेरड
942 _cBOOK
999 _c336675
_d336675